000
00398nam a2200145Ia 4500
008
100122s9999 xx 000 0 und d
082
_b
8851
_a
821
100
_a
कुसुमाग्रज
245
_a
मेघदूत
260
_b
पॉप्युलर बुक डेपो
_c
1956
300
_a
68
630
_a
मेघदूत
730
_a
मेघदूत
942
_c
BOOK
999
_c
401049
_d
401046